Cow a celestial Being: (Record no. 174295)

MARC details
000 -LEADER
fixed length control field 00524nam a22001817a 4500
005 - DATE AND TIME OF LATEST TRANSACTION
control field 20200602154333.0
010 ## - LCCN (DPL NO)
LC control number ENG-128165
020 ## - INTERNATIONAL STANDARD BOOK NUMBER
Terms of availability 300.00
International Standard Book Number 9789353224684
035 ## - SYSTEM CONTROL NUMBER
System control number EN-111697
037 ## - SOURCE OF ACQUISITION
Source of stock number/acquisition DBAD/PUB
082 ## - DEWEY DECIMAL CLASSIFICATION NUMBER
Classification number 230.61
100 ## - MAIN ENTRY--PERSONAL NAME
Personal name Balakrishnan,S
245 ## - TITLE STATEMENT
Title Cow a celestial Being:
Statement of responsibility, etc S. Balakrishnan [and] K.M.Shukla
260 ## - PUBLICATION, DISTRIBUTION, ETC. (IMPRINT)
Place of publication, distribution, etc New Delhi
Name of publisher, distributor, etc Prabhat Prakashan
Date of publication, distribution, etc 2019
270 ## - ADDRESS
Address 4/19 Asaf Ali Road
City New Delhi
Postal code 110002
300 ## - PHYSICAL DESCRIPTION
Extent 216p.
Dimensions 23cm(hb)
942 ## - ADDED ENTRY ELEMENTS (KOHA)
Source of classification or shelving scheme Dewey Decimal Classification
Item type English Books
Classification part 230.61
Call number suffix BAL
Holdings
Withdrawn status Lost status Not for loan Collection code Home library Current library Date acquired Source of acquisition Cost, normal purchase price Full call number Barcode Copy number Cost, replacement price Koha item type
      Non-fiction Central Library Central Library 02/06/2020 DBAD/PUB 300.00 230.61 BAL EN-111697 1 300.00 English Books

© Delhi Public Library
Hit Counter
free hit counter